Normal view
MARC view
Entry Personal Name
001 - CONTROL NUMBER
- control field: 14788
003 - CONTROL NUMBER IDENTIFIER
- control field: OSt
005 - DATE AND TIME OF LATEST TRANSACTION
- control field: 20250307014455.0
008 - FIXED-LENGTH DATA ELEMENTS
- fixed length control field: 250307|| aca||aabn | a|a d
040 ## - CATALOGING SOURCE
- Original cataloging agency: OSt
- Transcribing agency: OSt
100 ## - HEADING--PERSONAL NAME
- Personal name: Catuiran, Mary Ann S., author
670 ## - SOURCE DATA FOUND
- Source citation: Work cat.: (OSt): Catuiran, Mary Ann S., author., Employability of Associate in Computer Technology Graduates of Cavite State University Rosario Campus S.Y. 2003-2004 to 2007-2008, 2010
